Responses for Show #5340 - Friday, November 23, 2007

Contestants

[<< previous game]

Andy Wyke, a dog walker originally from Sacramento, California

Jenna Wallis, a freelance writer and surtitlist from Houston, Texas

Kate Swenson, a law student from Minneapolis, Minnesota (whose 1-day cash winnings total $12,600)

[next game >>]

Jeopardy! Round responses

BIOLOGY
OPENING NUMBERS OF MUSICALS
TRANSPO-POURRI
LITERATURE A LA SEUSS
(Alex: You have to identify the original book.)
THE NEW TESTAMENT
WORDS WITHIN WORDS
(Alex: Each correct response will be contained within one of the words in the clue.)
    $200 16
mold

Kate
    $200 1
Oklahoma!

Jenna
    $200 17
nuclear

Kate
    $200 6
The Scarlet Letter

Kate
    $200 11
Nazareth

Jenna
    $200 18
stern (in easternmost)

Kate
    $400 12
carbon dioxide

Kate
    $400 2
Hairspray

Kate
    $400 23
Japan

Kate
    $400 7
Of Mice And Men

Jenna
    $400 27
Gabriel

Andy
    $400 19
rest (in firestorm)

Andy
    $600 13
(Kate: What are spiders?)

scorpions

Kate
Triple Stumper
    $600 3
Cabaret

Jenna
    $600 26
(Alex: Yeah, you gotta stay here in [*].)

California

Jenna
    $600 8
1984

Kate
    $600 28
(Alex: Doubting [*]--right.)

Thomas

Kate
    $600 20
trader (in intradermal)

Andy
    $800 14
hair

Jenna
    $800 4
A Funny Thing Happened on the Way to the Forum

Andy
    $800 24
(Andy: What is a tractor?)
(Jenna: What is a horse and carriage?)

a bicycle

JennaAndy
Triple Stumper
    $800 9
The Count Of Monte Cristo

Jenna
    $800 29
(Andy: Who is Jonah?)

(St.) Peter

JennaAndy
    $800 21
sword (in crosswords)

Kate
    $1,200 15
insulin

Jenna
    $1000 5
Dreamgirls

Triple Stumper
    $1000 25
Anchorage

Jenna
    $1000 10
(Andy: What is the Jabberwocky?)

Gulliver's Travels

Andy
Triple Stumper
    $1000 30
Paul (or Saul of Tarsus)

Jenna
    $1000 22
lathe (in flathead)

Jenna

Scores at the first commercial break (after clue 15):

Kate Jenna Andy
$1,000 $4,200 -$200

Scores at the end of the Jeopardy! Round:

Kate Jenna Andy
$3,400 $7,800 -$400

Double Jeopardy! Round responses

1960s TV
DANIEL BOONE
COMBAT!
GREEN ACRES
BRANDED
THE "MOD" SQUAD
    $400 6
The Andy Griffith Show

Andy
    $400 21
(Andy: What is his knife?)

his rifle

Andy
Triple Stumper
    $400 8
stars

Jenna
    $400 26
the Andes

Kate
    $400 13
Crayola

Andy
    $400 1
moderate

Andy
    $800 7
(Andy: What is M*A*S*H?)

Star Trek

JennaAndy
    $800 22
the Shawnee

Jenna
    $800 9
an elbow

Jenna
    $800 27
the Pampas

Jenna
    $800 17
Elmer

Jenna
    $800 2
(Jenna: What is modulate?)

modify

JennaAndy
    $1200 14
Thing

Kate
    $1200 23
the Cumberland Gap

Kate
    $1200 10
a butterfly knife

Jenna
    $1200 28
the Mekong

Jenna
    $1200 18
Jacuzzi

Kate
    $1200 3
modernism

Kate
    $1600 15
Richard Kimble (the "Fugitive")

Kate
    $1600 24
(Alex: ...and it is "DON JOO-un", not "DON WAHN".)

Lord Byron

Triple Stumper
    $1600 11
Israel

Jenna
    $2,000 30
the Fertile Crescent

Kate
    $4,000 19
Land O'Lakes

Kate
    $1600 4
modicum

Andy
    $2000 16
Laura Petrie (on the Dick Van Dyke Show)

Triple Stumper
    $2000 25
Hawkeye (or Natty Bumppo, or Pathfinder, or Deerslayer)

Kate
    $2000 12
kendo

Jenna
    $2000 29
(Andy: What is Georgia?)

Ukraine

KateAndy
    $2000 20
Olivetti

Triple Stumper
    $2000 5
(Kate: What is Moderno?)
(Jenna: What is San Modesto?)

Modesto

KateJennaAndy

Scores at the end of the Double Jeopardy! Round:

Kate Jenna Andy
$18,200 $15,400 $2,000

[wagering suggestions for these scores]

Final Jeopardy! Round responses

PRO SPORTS TEAM NAMES
AndyWhat is Golden State
$1,999
JennaWhat are . . . ?
$10,000
KateWhat are the Nets?
$2,799
the Golden State Warriors

Final scores:

Kate Jenna Andy
$15,401 $5,400 $3,999
2-day champion: $28,001 2nd place: $2,000 3rd place: $1,000

Game dynamics:

Coryat scores:

Kate Jenna Andy
$15,400 $15,200 $2,000
20 R
(including 2 DDs),
2 W
22 R
(including 1 DD),
3 W
10 R,
6 W

Combined Coryat: $32,600

[game clues] [game scores] [suggest correction]

Game tape date: 2007-08-14
The J! Archive is created by fans, for fans. Scraping, republication, monetization, and malicious use prohibited; this site may use cookies and collect identifying information. See terms. The Jeopardy! game show and all elements thereof, including but not limited to copyright and trademark thereto, are the property of Jeopardy Productions, Inc. and are protected under law. This website is not affiliated with, sponsored by, or operated by Jeopardy Productions, Inc. Join the discussion at JBoard.tv.